| 000 | 00459ntaaa2200181 4500 | ||
|---|---|---|---|
| 003 | 01 | ||
| 005 | 20251027201903.0 | ||
| 008 | 0714s1973 ag 01 | ||
| 040 |
_aAR-BaBN _bspa _cAR-BaBN _eaacr _dRIC |
||
| 082 | _a231.0000 M22 | ||
| 100 |
_aMcLarry, Newman R. _916507 |
||
| 245 | _aHis good and perfect will | ||
| 250 | _a1 ed. | ||
| 260 |
_aNashville : _bBroadman Press, _cc1965 |
||
| 300 | _a62 p. | ||
| 500 | _a"La voluntad perfecta de Dios" | ||
| 942 | _cBK | ||
| 999 |
_c13576 _d13576 |
||